| 000 | 00886cam a2200241 a 4500 | ||
|---|---|---|---|
| 001 | 000014671 | ||
| 005 | 20260317133558.0 | ||
| 008 | 790801m19781979pr a 000 0 spa | ||
| 020 | _a8449901189 | ||
| 035 | _a(DLC) 79109393 | ||
| 040 |
_aDO-SdBNP _bspa _cBNPHU _dDLC |
||
| 082 |
_a306 _bA366i |
||
| 100 | 1 |
_aAlegría, Ricardo E., _d1921- _916251 |
|
| 245 | 1 | 3 |
_aEl Instituto de Cultura Puertorriqueña, 1955-1973 : _b18 años contribuyendo a fortalecer nuestra conciencia nacional / _cRicardo E. Alegría. |
| 260 |
_aSan Juan de Puerto Rico : _bInstituto de Cultura Puertorriquena, _c[1978]. |
||
| 300 |
_a266 p. : _bil. ; _c26 cm. |
||
| 500 | _aReimpresión facsimilar, 1996. | ||
| 500 | _aConmemoración del 40mo. aniversario del ICP. | ||
| 610 | 1 | 0 |
_aINSTITUTO DE CULTURA PUERTORRIQUEÑO. _933231 |
| 650 | 0 |
_aCultura _989224 |
|
| 910 | _aCatalogación derivada | ||
| 049 | _aBNGR | ||
| 999 |
_c14255 _d14255 |
||